Quando la moglie è in vacanza /
Saved in:
| Andre forfattere: | , , , , , , |
|---|---|
| Format: | |
| Sprog: | italiensk |
| Udgivet: |
[Roma] :
L'Unità,
[1997]
|
| Serier: | MM Marilyn Monroe
|
| Tags: |
Ingen Tags, Vær først til at tagge denne postø!
|
MARC
| LEADER | 00000ngm a2200000 i 4500 | ||
|---|---|---|---|
| 001 | IT\ICCU\RAV\0286711 | ||
| 003 | ItRI | ||
| 005 | 20260124182811.0 | ||
| 008 | 970114s1997 it |||||||||||||||k|||||c | ||
| 040 | |b ita | ||
| 041 | 7 | |a ita |2 ISO-639-2 | |
| 082 | |a 791.43617 |9 CINEMA. FILM CON SPECIFICHE CARATTERISTICHE. Commedia |2 20 | ||
| 130 | 4 | |a The seven year itch. |3 IT\ICCU\LO1\1228710 |9 Lloyd, Josie | |
| 130 | 4 | |a The seven year itch <film ; 1955> |3 IT\ICCU\RAV\0243331 | |
| 245 | 0 | 0 | |a Quando la moglie è in vacanza / |c regia di Billy Wilder ; sceneggiatura di Billy Wilder e George Axelrod. |
| 260 | |a [Roma] : |b L'Unità, |c [1997] | ||
| 300 | |a 1 videocassetta (VHS) (101 min.) : |b color., son | ||
| 500 | |a Tit. del contenitore | ||
| 500 | |a Film del 1955, USA; interpreti: Marilyn Monroe, Tom Ewell | ||
| 500 | |a Suppl. a: L'Unità. | ||
| 700 | 1 | |a Keyes, Evelyn |0 IT\ICCU\MODV\258419 |4 prf | |
| 700 | 1 | |a Tufts, Sonny |0 IT\ICCU\MODV\258420 |4 prf | |
| 700 | 1 | |a Axelrod, George |0 IT\ICCU\RAVV\088831 |4 sce | |
| 700 | 1 | |a Ewell, Tom |0 IT\ICCU\RAVV\088832 |4 prf | |
| 700 | 1 | |a Monroe, Marilyn |0 IT\ICCU\SBLV\122045 |4 prf | |
| 700 | 1 | |a Wilder, Billy |0 IT\ICCU\TO0V\076566 |4 drt | |
| 700 | 1 | |a Strauss, Robert, |d (1913-1975) |0 IT\ICCU\UBOV\351304 |4 prf | |
| 790 | 1 | |a Keyes, Evelin |3 IT\ICCU\LO1V\556538 |z Keyes, Evelyn | |
| 790 | 1 | |a Mortenson, Norma Jane Baker |3 IT\ICCU\SBNV\054414 |z Monroe, Marilyn | |
| 790 | 1 | |a Monroe, Marilyn |3 IT\ICCU\UM1V\030164 |z Monroe, Marilyn | |
| 790 | 1 | |a Wilder, Samuel |3 IT\ICCU\LO1V\382573 |z Wilder, Billy | |
| 790 | 1 | |a Wilder, Billie |3 IT\ICCU\RAVV\505934 |z Wilder, Billy | |
| 830 | 0 | |a MM Marilyn Monroe |0 IT\ICCU\UBO\2152346 | |
| 942 | |2 ddc |c VM |n 0 | ||
| 952 | |0 0 |1 0 |4 0 |6 VO_846_000000000000000 |7 0 |9 26499 |a BO |b BO |d 2026-01-24 |i 7808 |l 0 |o VO 846 |p BO7808 |r 2026-01-24 18:28:11 |w 2026-01-24 |x [Sebina 5] [1 videocassetta] |y VM |z 1 videocassetta | ||
| 999 | |c 22404 |d 22404 | ||